Multilaterálna marketingová komunikácia v projektoch

Projekty ako efektívny spôsob na dosahovanie zmeny, ktoré si vyžadujú nové prístupy z pohľadu manažmentu ako aj aplikáciu marketingových postupov a stratégií. Komunikácia s dotknutými (zainteresovanými) osobami. Multilaterálne komunikčné stratégie na podporu projektových manažérov pre úspešnú realiz...

Ausführliche Beschreibung

Gespeichert in:
Bibliographische Detailangaben
1. Verfasser: Filo, Peter
Format: Buchkapitel
Sprache:Slowakisch
Schlagworte:
Tags: Tag hinzufügen
Keine Tags, Fügen Sie das erste Tag hinzu!

MARC

LEADER 00000naa$a2200000$$$4500
001 0120203
005 20240502072338.8
041 0 |a slo 
044 |a SK 
245 1 0 |a Multilaterálna marketingová komunikácia v projektoch  |c Peter Filo 
520 |a Projekty ako efektívny spôsob na dosahovanie zmeny, ktoré si vyžadujú nové prístupy z pohľadu manažmentu ako aj aplikáciu marketingových postupov a stratégií. Komunikácia s dotknutými (zainteresovanými) osobami. Multilaterálne komunikčné stratégie na podporu projektových manažérov pre úspešnú realizáciu projektov. Lobing - osobitný druh komunikácie v projektoch. 
610 2 0 |a komunikácia marketingová 
610 2 0 |a projekty 
610 2 0 |a lobizmus 
610 2 0 |a manažment 
610 2 0 |a manažéri 
610 2 0 |a štúdie 
610 2 0 |a investori 
610 2 0 |a dodávatelia 
100 1 |a Filo, Peter